Đánh giá tác động môi trường
Salvato in:
| Autore principale: | |
|---|---|
| Altri autori: | |
| Natura: | Libro |
| Lingua: | Undetermined |
| Pubblicazione: |
H.
Đại học quốc gia Hà Nội
2009
|
| Soggetti: | |
| Accesso online: | http://lrc.tdmu.edu.vn/opac/search/detail.asp?aID=2&ID=3404 |
| Tags: |
Aggiungi Tag
Nessun Tag, puoi essere il primo ad aggiungerne! !
|
| Thư viện lưu trữ: | Trung tâm Học liệu Trường Đại học Thủ Dầu Một |
|---|
| LEADER | 00687nam a2200205Ia 4500 | ||
|---|---|---|---|
| 001 | TDMU_3404 | ||
| 008 | 210410s9999 xx 000 0 und d | ||
| 082 | |a 363.7 (333.71) | ||
| 090 | |b H407 | ||
| 100 | |a Hoàng, Xuân Cơ | ||
| 245 | 0 | |a Đánh giá tác động môi trường | |
| 245 | 0 | |c Hoàng Xuân Cơ, Phạm Ngọc Hổ | |
| 260 | |a H. | ||
| 260 | |b Đại học quốc gia Hà Nội | ||
| 260 | |c 2009 | ||
| 300 | |a 318tr. | ||
| 650 | |a Tác động môi trường | ||
| 700 | |a Phạm, Ngọc Hổ | ||
| 856 | |u http://lrc.tdmu.edu.vn/opac/search/detail.asp?aID=2&ID=3404 | ||
| 980 | |a Trung tâm Học liệu Trường Đại học Thủ Dầu Một | ||